[Event "Bohemians (Women)"]
[Site "Prague"]
[Date "1989.??.??"]
[Round "?"]
[White "Eretova, Kveta"]
[Black "Wohlers Armas, Rike"]
[Result "1/2-1/2"]
[WhiteElo "2160"]
[BlackElo "2145"]

1.Nf3 d5 2.c4 c6 3.cxd5 cxd5 4.d4 Nf6 5.Nc3 Nc6 6.Bf4 e6 7.e3 Bd6 8.Ne5 Bxe5
9.Bxe5 Nxe5 10.dxe5 Nd7 11.Bb5 O-O 12.Bxd7 Bxd7 13.O-O f6 14.Qd4 fxe5 15.Qxe5 Qf6
16.Qxf6 Rxf6 17.Rfd1 Bc6 18.Rd2 Rg6 19.f4 Rf8 20.Re1 h5 21.Ne2 e5 22.fxe5 Re6
23.Nf4 Ree8 24.h4 Rf5 25.e6 Kh7 26.Rd4 Kh6 27.Kh2 Re7 28.g3 Re8 29.Kh3 g5
30.hxg5+ Rxg5 31.Kh2 Reg8 32.Rg1 Re5 33.Re1 Reg5 34.Rg1 Re5 35.Rd3 Rg7 36.Re1 Rg8
37.Rd4  1/2-1/2

[Event "Prague Mladi"]
[Site "Prague"]
[Date "1989.??.??"]
[Round "6"]
[White "Votruba, Pavel"]
[Black "Hornicek, Jiri"]
[Result "1-0"]
[WhiteElo "2355"]
[BlackElo "2330"]

1.Nf3 d5 2.c4 c6 3.b3 e6 4.Bb2 f5 5.g3 Nf6 6.Bg2 Bd6 7.O-O O-O 8.d3 Qe7 9.Nbd2 e5
10.e4 fxe4 11.dxe4 d4 12.Ne1 c5 13.Nd3 Nc6 14.h3 g6 15.Qe2 Bd7 16.Rae1 Nh5
17.Nf3 a6 18.Bc1 Bc7 19.Bg5 Qd6 20.Rc1 Nd8 21.Nfxe5  1-0

[Event "NOR-ch"]
[Site "Randaberg"]
[Date "1989.??.??"]
[Round "?"]
[White "Agdestein, Simen"]
[Black "Elseth, Roar"]
[Result "1/2-1/2"]
[WhiteElo "2605"]
[BlackElo "2320"]

1.Nf3 d5 2.c4 c6 3.d4 Nf6 4.Nc3 dxc4 5.g3 Nbd7 6.e4 e6 7.Bxc4 b5 8.Bd3 b4
9.Na4 c5 10.O-O Be7 11.e5 Nd5 12.dxc5 Nxc5 13.Nxc5 Bxc5 14.Ng5 Be7 15.h4 h6
16.Nh3 Qc7 17.Re1 Bb7 18.Bd2 Rd8 19.Bb5+ Kf8 20.Qe2 Qb6 21.Rad1 g5 22.Bd3 gxh4
23.g4 a5 24.Kh2 Bc5 25.g5 hxg5 26.Bxg5 Be7 27.Bc1 Rg8 28.Rg1 Rxg1 29.Rxg1 Ke8
30.Qh5 Kd7 31.Bg5 Qd4 32.Bb5+ Kc8 33.Rc1+ Kb8 34.Rd1 Qb6 35.Bf1  1/2-1/2

[Event "Reggio Emilia8990"]
[Site "Reggio Emilia"]
[Date "1989.??.??"]
[Round "11"]
[White "Gurevich, Mikhail"]
[Black "Beliavsky, Alexander G"]
[Result "1/2-1/2"]
[WhiteElo "2590"]
[BlackElo "2640"]

1.Nf3 d5 2.c4 e6 3.d4 Nf6 4.Nc3 Be7 5.Bg5 O-O 6.e3 h6 7.Bh4 b6 8.Bd3 Bb7
9.O-O Nbd7 10.Rc1 c5 11.Qe2 Ne4 12.Bg3 Nxg3 13.hxg3 cxd4 14.exd4 dxc4 15.Bxc4 Nf6
16.Rfd1 Bb4 17.Ne5 Rc8 18.Ba6 Qe7 19.a3 Bxc3 20.bxc3 Rfd8 21.Bxb7 Qxb7 22.c4 Qe4  1/2-1/2

[Event "Santiago"]
[Site "Santiago"]
[Date "1989.??.??"]
[Round "?"]
[White "Cifuentes Parada, Roberto"]
[Black "Milos, Gilberto"]
[Result "0-1"]
[WhiteElo "2465"]
[BlackElo "2510"]

1.Nf3 d5 2.c4 c6 3.d4 Nf6 4.Nc3 dxc4 5.a4 Bf5 6.e3 e6 7.Bxc4 Bb4 8.O-O Nbd7
9.Nh4 O-O 10.f3 Bg6 11.Nxg6 hxg6 12.Qb3 Qb6 13.Rd1 Rfd8 14.Bd2 a5 15.Rac1 Be7
16.Be1 Nd5 17.Nxd5 exd5 18.Qxb6 Nxb6 19.Bb3 Re8 20.Rd3 Bb4 21.Bg3 Re7 22.h4 Nc8
23.Bf2 Nd6 24.g4 Rae8 25.Kg2 f5 26.gxf5 gxf5 27.Kh3 Kf8 28.Rg1 f4 29.exf4 Re2
30.Bg3 Nf5 31.Ba2 Rxb2 32.Bb1 Nxg3  0-1

[Event "URS Army-ch"]
[Site "Simferopol"]
[Date "1989.??.??"]
[Round "?"]
[White "Arbakov, Valentin"]
[Black "Ivanov, Ale"]
[Result "1-0"]
[WhiteElo "2400"]
[BlackElo "2470"]

1.Nf3 d5 2.c4 e6 3.d4 Nf6 4.Bg5 dxc4 5.Qa4+ Nbd7 6.Nc3 a6 7.e4 b5 8.Nxb5 axb5
9.Qxa8 Bb4+ 10.Kd1 Nb6 11.Qa7 e5 12.Kc2 exd4 13.Rd1 d3+ 14.Bxd3 cxd3+ 15.Rxd3 Qe7
16.a3 O-O 17.axb4 Qxe4 18.Re1 Qxb4 19.Qa3 Qc4+ 20.Kd1 b4 21.Qb3 Bf5 22.Qxc4 Nxc4
23.Rb3 Nd5 24.Nd2 Na5 25.Rg3 f6 26.Be3 b3 27.Ke2 Bc2 28.h4 Re8 29.Kf1 Nb4
30.Ra1 Nac6 31.Bh6 Re7 32.Ra8+ Kf7 33.Rxg7+ Ke6 34.Rxe7+ Kxe7 35.Ra3 Nd4
36.Be3 c5 37.Bxd4 cxd4 38.Nxb3  1-0

[Event "Slupsk"]
[Site "Slupsk"]
[Date "1989.??.??"]
[Round "8"]
[White "Weglarz, Leszek"]
[Black "Mielczarski, Miroslaw"]
[Result "1/2-1/2"]
[WhiteElo "2325"]
[BlackElo "2245"]

1.Nf3 d5 2.c4 dxc4 3.e3 Nf6 4.Bxc4 e6 5.O-O c5 6.d4 a6 7.Qe2 b5 8.Bd3 cxd4
9.exd4 Be7 10.a4 bxa4 11.Nc3 O-O 12.Bg5 Bb7 13.Rxa4 a5 14.Re1 Nbd7 15.Rea1 h6
16.Bh4 Re8 17.Ne5 Nd5 18.Bxe7 Rxe7 19.Nxd5 Bxd5 20.h3 Nxe5 21.dxe5 Rb7 22.Rg4 Rb4
23.Rg3 Rab8 24.Qe3 Kh8 25.Qa7 R4b7 26.Qxa5 Qxa5 27.Rxa5 Rxb2 28.Ra4 R2b4
29.Rxb4  1/2-1/2

[Event "Sochi-A"]
[Site "Sochi"]
[Date "1989.??.??"]
[Round "?"]
[White "Geller, Efim P"]
[Black "Kotronias, Vasilios"]
[Result "1/2-1/2"]
[WhiteElo "2505"]
[BlackElo "2475"]

1.Nf3 d5 2.c4 e6 3.d4 Nf6 4.Nc3 Be7 5.Bg5 h6 6.Bxf6 Bxf6 7.e3 O-O 8.Rc1 c6
9.Bd3 Nd7 10.O-O dxc4 11.Bxc4 e5 12.Ne4 exd4 13.Nxf6+ Nxf6 14.Qxd4 Qxd4  1/2-1/2

[Event "Sochi-B"]
[Site "Sochi"]
[Date "1989.??.??"]
[Round "?"]
[White "Sherbakov, Ruslan"]
[Black "Yakovich, Yuri"]
[Result "1/2-1/2"]
[WhiteElo "2360"]
[BlackElo "2450"]

1.Nf3 d5 2.c4 dxc4 3.Qa4+ Nd7 4.g3 a6 5.Nc3 e6 6.Bg2 Rb8 7.Qxc4 b5 8.Qb3 Bb7
9.O-O Ngf6 10.d3 Bd6 11.Bg5 O-O 12.Nd2 Bxg2 13.Kxg2  1/2-1/2

[Event "JUG-ch (Women)"]
[Site "Split"]
[Date "1989.??.??"]
[Round "1"]
[White "Cejic, Dusica"]
[Black "Kovacevic, Radmila"]
[Result "1-0"]
[WhiteElo "2195"]
[BlackElo "2095"]

1.Nf3 d5 2.c4 d4 3.e3 c5 4.b4 Bg4 5.bxc5 Nc6 6.d3 e5 7.Be2 Nf6 8.Qa4 Qd7
9.Ba3 Be7 10.Nbd2 O-O 11.exd4 exd4 12.O-O Rfe8 13.Rfe1 Qc7 14.h3 Bd7 15.Qc2 Qa5
16.Bb2 Nb4 17.Qc1 Qxc5 18.Nb3 Qc7 19.Nbxd4 Rad8 20.a3 Na6 21.Nb5 Bxb5 22.cxb5 Qxc1
23.Raxc1 Nc5 24.d4 Ne6 25.Bc4 Nd5 26.Re5 Nec7 27.Rce1 Kf8 28.h4 Nb6 29.Bd3 Na4
30.Bc1 h6 31.Bc2 Nc3 32.a4 Bf6 33.Ba3+ Kg8 34.Rxe8+ Nxe8 35.Be7 Rc8 36.Bf5 Rc4
37.Bc5 Rxa4 38.Rxe8+  1-0

[Event "JUG-ch (Women)"]
[Site "Split"]
[Date "1989.??.??"]
[Round "6"]
[White "Cejic, Dusica"]
[Black "Maksimovic, Suzana"]
[Result "1-0"]
[WhiteElo "2195"]
[BlackElo "2235"]

1.Nf3 d5 2.c4 d4 3.e3 c5 4.b4 dxe3 5.fxe3 cxb4 6.d4 e6 7.Bd3 Nc6 8.O-O g6
9.Bb2 Bg7 10.Qb3 Nge7 11.d5 Bxb2 12.Qxb2 O-O 13.e4 exd5 14.exd5 Bg4 15.Nbd2 Bxf3
16.Nxf3 Qb6+ 17.Kh1 Rad8 18.dxc6 Rxd3 19.Ne5 Rdd8 20.Nd7 Rxd7 21.cxd7 Rd8
22.Rad1 Qe6 23.Qd2 Nc6 24.Rfe1 Ne5 25.Qd6 Rxd7 26.Qb8+ Kg7 27.Rxd7 Nxd7 28.Rxe6 Nxb8
29.Re7 Nc6 30.Rxb7 Kf6 31.Rc7 Ne5 32.Rxa7 Ke6 33.Ra6+ Kf5 34.Rb6 Nxc4 35.Rxb4 Nd6
36.a4 Ke5 37.a5 Kd5 38.a6  1-0

[Event "JUG-ch (Women)"]
[Site "Split"]
[Date "1989.??.??"]
[Round "9"]
[White "Nutu Gajic, Dana"]
[Black "Misanovic, Vesna"]
[Result "1-0"]
[WhiteElo "2320"]
[BlackElo "2285"]

1.Nf3 d5 2.c4 c6 3.d4 Nf6 4.cxd5 cxd5 5.Nc3 Nc6 6.Bf4 e6 7.e3 Nh5 8.Bg3 Qb6
9.Qd2 Bd7 10.Be2 Nxg3 11.hxg3 Be7 12.Rc1 f5 13.Nh4 O-O 14.f4 Rac8 15.Nf3 h6
16.Bd3 Kf7 17.Qe2 Rh8 18.Kf2 Rcg8 19.Na4 Qd8 20.Bb5 Nb8 21.Ne5+ Kf6 22.Nc5 Bxc5
23.Rxc5 a6 24.Qh5 g6 25.Qh4+ g5 26.Qh5 Rh7 27.Bxd7 Nxd7 28.Rc2 gxf4 29.gxf4 Nxe5
30.fxe5+ Kg7 31.Rhc1 Qg5 32.Qxg5+ hxg5 33.Rc8 Rxc8 34.Rxc8 Kg6 35.Rf8 Rc7
36.g4 Rf7 37.Rg8+ Kh7 38.Re8 fxg4+ 39.Kg3 Rf3+ 40.Kxg4 Rxe3 41.Rxe6 Re2 42.Rb6 Rg2+
43.Kf3 Rd2 44.Rxb7+ Kg6 45.Rb6+ Kf7 46.Ke3 Rh2 47.Rxa6 Rxb2 48.Rd6 Rxa2 49.Kf3 Rh2
50.Rxd5 Rh4 51.Rd6 Ke7 52.Ke3 Rg4 53.d5 Rg3+ 54.Ke4 Rg4+ 55.Kf5 Rd4 56.Re6+ Kd7
57.d6 Rf4+ 58.Kxg5 Rf1 59.Re7+ Kc6 60.Kg6 Rh1 61.Rf7  1-0

[Event "JUG-ch (Women)"]
[Site "Split"]
[Date "1989.??.??"]
[Round "10"]
[White "Cejic, Dusica"]
[Black "Puljek Salai, Zorica"]
[Result "1/2-1/2"]
[WhiteElo "2195"]
[BlackElo "2210"]

1.Nf3 d5 2.c4 c6 3.b3 Nf6 4.Bb2 Bf5 5.g3 e6 6.Bg2 Nbd7 7.O-O Be7 8.d3 O-O
9.Nbd2 Qb6 10.e4 Bg6 11.Qe2 dxe4 12.dxe4 Nc5 13.Ne5 Rfd8 14.Nxg6 hxg6 15.e5 Ne8
16.Ne4 Nxe4 17.Bxe4 Rd7 18.Rad1 Rad8 19.Rxd7 Rxd7 20.Rd1 Qd8 21.Rxd7 Qxd7
22.Bc3 Nc7 23.h4 Na6 24.Kg2 Ba3 25.h5 gxh5 26.Qxh5 g6 27.Qe2 Qd8 28.Bc2 Bc5
29.Qg4 Qd7 30.Qe2  1/2-1/2

[Event "JUG-ch (Women)"]
[Site "Split"]
[Date "1989.??.??"]
[Round "12"]
[White "Cejic, Dusica"]
[Black "Vujic Katanic, Branka"]
[Result "1/2-1/2"]
[WhiteElo "2195"]
[BlackElo "2210"]

1.Nf3 d5 2.c4 e6 3.g3 dxc4 4.Qa4+ Nd7 5.Qxc4 a6 6.Bg2 Ngf6 7.O-O b5 8.Qc2 Bb7
9.a4 c5 10.axb5 axb5 11.Rxa8 Qxa8 12.Na3 Bc6 13.Ne1 Nd5 14.d3 Be7 15.Bd2 O-O
16.Nf3 Rc8 17.Rc1 h6 18.h4 Qb7 19.Qb1 Nc7 20.Ne1 Bxg2 21.Nxg2 Nf6 22.Nc2 Ncd5
23.Nce3 Nxe3 24.Bxe3 Ng4 25.Qc2 Nxe3 26.Nxe3  1/2-1/2

[Event "SWZ-ch int+"]
[Site "?"]
[Date "1989.??.??"]
[Round "1"]
[White "Wirthensohn, Heinz"]
[Black "Ekstroem, Roland"]
[Result "1/2-1/2"]
[WhiteElo "2405"]
[BlackElo "2445"]

1.Nf3 d5 2.c4 e6 3.d4 c6 4.Qb3 Bd6 5.Bg5 f6 6.Bh4 Ne7 7.Bg3 Ng6 8.Bxd6 Qxd6
9.Qa3 Qxa3 10.Nxa3 Na6 11.e3 Nb4 12.Be2 b6 13.O-O Bb7 14.Rfc1 Rc8 15.Nc2 Nxc2
16.Rxc2 Ke7 17.Rac1 Rhd8 18.b4 dxc4 19.Bxc4 c5 20.bxc5 bxc5 21.Bb3 cxd4 22.Nxd4 Rxc2
23.Rxc2 Rc8 24.Rxc8 Bxc8 25.Nc6+ Kd6 26.Nxa7 Bd7 27.a4 Kc5 28.Nb5  1/2-1/2

[Event "SWZ-ch int"]
[Site "?"]
[Date "1989.??.??"]
[Round "7"]
[White "Summermatter, Daniel"]
[Black "Campora, Daniel H"]
[Result "0-1"]
[WhiteElo "2385"]
[BlackElo "2495"]

1.Nf3 d5 2.c4 e6 3.g3 Nf6 4.Bg2 Be7 5.O-O O-O 6.d4 c6 7.Qc2 b6 8.Nbd2 Bb7
9.e4 dxc4 10.Nxc4 Nbd7 11.e5 Nd5 12.h4 c5 13.Bg5 cxd4 14.Rac1 Nc5 15.Bxe7 Qxe7
16.Rfd1 Nb4 17.Qd2 Nxa2 18.Ra1 Bd5 19.Ng5 Bxc4 20.Bxa8 Rxa8 21.Qxd4 Bd5 22.Qg4 h6
23.Rxd5 exd5 24.Nf3 Nd3  0-1

[Event "SWZ-ch int"]
[Site "?"]
[Date "1989.??.??"]
[Round "10"]
[White "Klinger, Josef"]
[Black "Keller, Dieter"]
[Result "1-0"]
[WhiteElo "2475"]
[BlackElo "2420"]

1.Nf3 d5 2.c4 e6 3.g3 c6 4.Bg2 dxc4 5.Qc2 b5 6.a4 Bb7 7.O-O Nd7 8.Nc3 a6
9.Nd4 Qb6 10.axb5 cxb5 11.Ndxb5 Bxg2 12.Kxg2 Ngf6 13.Qa4 Nc5 14.Qxc4 Qb7+
15.f3 Rc8 16.Nd4 e5 17.Nf5 Rc6 18.Rb1 Qc8 19.d4 Ne6 20.Qa4 exd4 21.Nxd4 Nxd4
22.Qxd4 Bc5 23.Qa4 O-O 24.Bg5 Re8 25.e4 Be7 26.Rfc1 Qb7 27.Nd5 Rcc8 28.Rc7 Rxc7
29.Nxf6+ gxf6 30.Qxe8+ Kg7 31.Bf4 Rc2+ 32.Kh3 f5 33.Be5+ f6 34.Rd1 Rc8 35.Qd7 Qxd7
36.Rxd7 Kf8 37.Bd6 Bxd6 38.Rxd6 fxe4 39.fxe4 Ke7 40.Rxa6 Rb8 41.Ra7+ Ke6
42.Rxh7 Rxb2 43.Rh4 Kf7 44.Kg4 Rb4 45.Kf4 Kg6 46.Rg4+ Kf7 47.Rh4 Kg6 48.Rh8 Rb2
49.h4 Rb1 50.Rg8+ Kf7 51.Rc8 Kg6 52.Kg4 Re1 53.h5+ Kh6 54.Rc4 Rf1 55.Rc5 Re1
56.e5 fxe5 57.Rc6+ Kg7 58.Kg5 Kf7 59.h6 e4 60.h7  1-0

[Event "Szekszard op"]
[Site "Szekszard"]
[Date "1989.??.??"]
[Round "1"]
[White "Butnorius, Algimantas"]
[Black "Taskovits, Istvan"]
[Result "1-0"]
[WhiteElo "2410"]
[BlackElo "2255"]

1.Nf3 d5 2.c4 c6 3.d4 Nf6 4.Nc3 dxc4 5.a4 Bg4 6.Ne5 Bh5 7.g3 e6 8.Bg2 Bb4
9.Nxc4 Nd5 10.Qd3 Bg6 11.e4 Nd7 12.O-O O-O 13.Na2 Be7 14.Qb3 N5b6 15.Nc3 Nxc4
16.Qxc4 Nb6 17.Qd3 e5 18.a5 Qxd4 19.Qxd4 exd4 20.Ne2 Nc4 21.Nxd4 Bf6 22.Nf5 Rfe8
23.a6 b6 24.Ra2 Rad8 25.b3 Nd6 26.Nxd6 Rxd6 27.Bf4 Rd3 28.e5 Bxe5 29.Re2 f6
30.Bxc6 Bh5 31.Re3 Red8 32.Rxd3 Rxd3 33.Be3 Rc3 34.Bd5+ Bf7 35.Rd1 Bxd5 36.Rxd5 Rxb3
37.Rd7 Rb4 38.Rxa7 Bd4 39.Bxd4 Rxd4 40.Rb7 Ra4 41.a7  1-0

[Event "Tallinn-B"]
[Site "Tallinn"]
[Date "1989.??.??"]
[Round "?"]
[White "Kochyev, Alexander"]
[Black "Karner, Hillar"]
[Result "1-0"]
[WhiteElo "2475"]
[BlackElo "2365"]

1.Nf3 d5 2.c4 c6 3.d4 Nf6 4.Qc2 g6 5.Bf4 Bg7 6.e3 O-O 7.Nc3 Be6 8.cxd5 Nxd5
9.Nxd5 cxd5 10.Be2 Qa5+ 11.Qd2 Qxd2+ 12.Kxd2 Nc6 13.Rhc1 Rfc8 14.Rc5 f6 15.Rac1 a6
16.Bd1 Bf7 17.Ba4 g5 18.Bxc6 Rxc6 19.Bg3 Rac8 20.Rxc6 bxc6 21.Ne1 Bg6 22.Rc3 h5
23.h3 e5 24.Nd3 Bxd3 25.Kxd3 e4+ 26.Kd2 f5 27.Bd6 Kf7 28.Rb3 Ke6 29.Bc5 f4
30.Rb6 a5 31.Ra6 fxe3+ 32.Kxe3 Bh6 33.g4 hxg4 34.hxg4 Rc7 35.Ke2  1-0

[Event "Tallinn-B"]
[Site "Tallinn"]
[Date "1989.??.??"]
[Round "?"]
[White "Kochyev, Alexander"]
[Black "Kiik, Kalle"]
[Result "1/2-1/2"]
[WhiteElo "2475"]
[BlackElo "2395"]

1.Nf3 d5 2.c4 d4 3.g3 c5 4.Bg2 Nc6 5.O-O Nf6 6.d3 e5 7.e3 Be7 8.exd4 exd4
9.Bf4 O-O 10.Ne5 Nxe5 11.Bxe5 Bd6 12.Bxf6 Qxf6 13.Nd2 Bf5 14.Be4 Bd7 15.f4 Rab8
16.Qf3 Rfe8 17.Rae1 h6 18.Re2 Bc7 19.Rff2 b6 20.Bd5 Rxe2 21.Rxe2 Re8 22.Ne4 Qd8
23.Qh5 Be6 24.Bxe6 Rxe6 25.f5 Re5 26.Qf3 Qe8 27.b3 a6 28.Kf1 Qd7 29.g4 Qd8
30.h3 Qh4 31.Nf2 Rxe2 32.Kxe2 Qg5 33.Kd1 Qe7 34.Qa8+ Kh7 35.Qe4 Qf6 36.Qb7 Qe5
37.Qe4 Qf6 38.Ke2 Bg3 39.Nd1 Bh4 40.Kf3 Qd6 41.Qf4  1/2-1/2

[Event "Tapolca"]
[Site "Tapolca"]
[Date "1989.??.??"]
[Round "?"]
[White "Magyar, Otto"]
[Black "Gyorkos, Lajos"]
[Result "0-1"]
[WhiteElo "2325"]
[BlackElo "2370"]

1.Nf3 d5 2.c4 e6 3.g3 g6 4.Bg2 Bg7 5.d4 Ne7 6.O-O Nbc6 7.cxd5 exd5 8.Nc3 O-O
9.b3 Nf5 10.e3 Re8 11.Ba3 Nce7 12.Rc1 c6 13.Ne1 Nd6 14.Nd3 g5 15.Bxd6 Qxd6
16.b4 a6 17.Qb3 Bf5 18.Rfd1 Qg6 19.Na4 Nc8 20.Nab2 Nd6 21.a4 Qh5 22.Nc5 Re7
23.a5 Rd8 24.Rd2 Bh3 25.Qd1 Bg4 26.Qf1 Bf8 27.f3 Bc8 28.e4 dxe4 29.fxe4 Nb5
30.d5 Bg7 31.Qc4 cxd5 32.exd5 Nd6 33.Qf1 Rde8 34.Nba4 Qg4  0-1

[Event "Tapolca"]
[Site "Tapolca"]
[Date "1989.??.??"]
[Round "?"]
[White "Busch, Klaus"]
[Black "Kumric, D."]
[Result "1-0"]
[WhiteElo "2255"]
[BlackElo "2200"]

1.Nf3 d5 2.c4 c6 3.g3 Nf6 4.Bg2 Bf5 5.cxd5 cxd5 6.Qb3 Qb6 7.Qxb6 axb6 8.Nc3 e6
9.d3 Nbd7 10.Nb5 Rc8 11.Bf4 Bb4+ 12.Bd2 Bxd2+ 13.Kxd2 Ke7 14.Nfd4 Bg6 15.f4 h5
16.h3 Nc5 17.Rac1 Rhd8 18.Rc3 Ne8 19.Rhc1 Kd7 20.f5 Bh7 21.fxe6+ fxe6 22.b4 Na6
23.Rxc8 Rxc8 24.Rxc8 Kxc8 25.Nxe6 Nxb4 26.a3 Nc6 27.Bxd5 Bf5 28.Nf4  1-0

[Event "Tel Aviv-B"]
[Site "Tel Aviv"]
[Date "1989.??.??"]
[Round "?"]
[White "Davies, Nigel R"]
[Black "Soffer, Ram"]
[Result "1/2-1/2"]
[WhiteElo "2485"]
[BlackElo "2365"]

1.Nf3 d5 2.c4 d4 3.g3 Nc6 4.Bg2 e5 5.O-O Nf6 6.d3 a5 7.Na3 Bc5 8.Nb5 Bf5
9.Nh4 Be6 10.f4 Ng4 11.Nf3 e4 12.Ng5 e3 13.a3 O-O 14.b4 axb4 15.Bb2 bxa3
16.Nxa3 Qd7 17.Qb3 Bb6 18.Nc2 h6 19.Nxe6 fxe6 20.Rxa8 Rxa8 21.f5 Rf8 22.Rf4 Nf6
23.c5 Bxc5 24.fxe6 Qe7 25.Bxc6 bxc6 26.Nxd4 Nd5 27.Nf5 Qxe6  1/2-1/2

[Event "Tel Aviv-B"]
[Site "Tel Aviv"]
[Date "1989.??.??"]
[Round "?"]
[White "Pein, Malcolm"]
[Black "Shvidler, Eliahu"]
[Result "1/2-1/2"]
[WhiteElo "2405"]
[BlackElo "2410"]

1.Nf3 d5 2.c4 c6 3.e3 Nf6 4.Nc3 g6 5.d4 Bg7 6.Be2 O-O 7.O-O Be6 8.Ng5 Bc8
9.Qb3 h6 10.Nf3 dxc4 11.Bxc4 Nbd7 12.e4 Nb6 13.Be2 Be6 14.Qc2 Bc4 15.h3 Nfd7
16.a4 Bxe2 17.Nxe2 Rc8 18.Be3 Na8 19.Rfd1 Qa5 20.Bd2 Qa6 21.Nc3 Nc7 22.Be3 Rfd8
23.Rac1 Ne8 24.e5 Nc7 25.Qe4 Nb6 26.Qh4 h5 27.g4 hxg4 28.hxg4 Nbd5 29.Bh6 Ne6
30.Nxd5 Rxd5 31.Bxg7 Kxg7 32.Qxe7 Qb6 33.Qf6+  1/2-1/2

[Event "Tel Aviv-A"]
[Site "Tel Aviv"]
[Date "1989.??.??"]
[Round "9"]
[White "Davies, Nigel R"]
[Black "Bruk, Ofer"]
[Result "0-1"]
[WhiteElo "2485"]
[BlackElo "2415"]

1.Nf3 d5 2.c4 dxc4 3.Na3 c5 4.Nxc4 Nc6 5.g3 f6 6.Bg2 e5 7.O-O Be6 8.b3 Nge7
9.Bb2 Nd5 10.Qb1 Qd7 11.Ne1 Be7 12.f4 exf4 13.gxf4 O-O 14.Be4 f5 15.Bg2 Bf6
16.Nd3 b6 17.Nde5 Nxe5 18.Nxe5 Qd6 19.Qd3 Rad8 20.Qg3 Rfe8 21.d3 Nb4 22.Kh1 Bd5
23.Rg1 Nc2 24.Rad1 Nd4 25.e4 Ba8 26.Bxd4 Qxd4 27.Nf3 Qd7 28.Bh3 Qb5 29.Bxf5 Rxd3
30.Rde1 Re7 31.Qh3 g6 32.Be6+ Kg7 33.Rg3 Qb4 34.a3 Qc3 35.Re2 Qc1+  0-1

[Event "Tel Aviv-A"]
[Site "Tel Aviv"]
[Date "1989.??.??"]
[Round "11"]
[White "Davies, Nigel R"]
[Black "Shabtai, Ran"]
[Result "1-0"]
[WhiteElo "2485"]
[BlackElo "2335"]

1.Nf3 d5 2.c4 e6 3.g3 Nf6 4.Bg2 Be7 5.O-O O-O 6.d4 dxc4 7.Qc2 a6 8.a4 Bd7
9.Qxc4 Bc6 10.Bg5 Bd5 11.Qc2 Be4 12.Qd1 c5 13.Nbd2 Bc6 14.dxc5 Bxc5 15.Nb3 Ba7
16.Qxd8 Rxd8 17.Na5 Bd5 18.Ne1 Nc6 19.Bxd5 Nxa5 20.Bg2 Rac8 21.b4 Nc6 22.b5 Na5
23.Nd3 Rc2 24.Rfc1 Rxc1+ 25.Rxc1 h6 26.Bf4 Bb6 27.bxa6 bxa6 28.Rb1 Nc4 29.Bb7 Nd5
30.Bxa6 Nc3 31.Rb3 Nxe2+ 32.Kg2 Nxf4+ 33.Nxf4 Rd4 34.Bxc4 Rxc4 35.Rxb6 Rxa4
36.Rb8+ Kh7 37.Rb7 g5 38.Nd3 Kg8 39.Ne5 f6 40.Nd3 Ra5 41.Rc7 h5 42.h3 f5
43.Re7 Rd5 44.Ne1 Rd6 45.Nf3 Kf8 46.Rh7 g4 47.Ne5 gxh3+ 48.Kxh3 Rd2 49.f4 Kg8
50.Re7  1-0

[Event "Tirnavia-C"]
[Site "Trnava"]
[Date "1989.??.??"]
[Round "10"]
[White "Raicevic, Momcilo"]
[Black "Szymczak, Zbigniew"]
[Result "1/2-1/2"]
[WhiteElo "2390"]
[BlackElo "2400"]

1.Nf3 d5 2.c4 e6 3.g3 c6 4.b3 Nf6 5.Bg2 Be7 6.O-O O-O 7.d4 b6 8.Nc3 Bb7 9.Qc2 Na6
10.e4 dxe4 11.Nxe4 c5 12.Nxf6+ Bxf6 13.Ng5 Bxg5 14.Bxb7 Nb4 15.Qe4 Rb8  1/2-1/2

[Event "Val Maubuee op"]
[Site "Val Maubuee"]
[Date "1989.??.??"]
[Round "?"]
[White "Michalet, Guy"]
[Black "Renaudin, Jean Philippe"]
[Result "1/2-1/2"]
[WhiteElo "2215"]
[BlackElo "1950"]

1.Nf3 d5 2.c4 dxc4 3.Na3 c5 4.Nxc4 Nc6 5.g3 g6 6.Bg2 Bg7 7.O-O Nf6 8.d3 Nd5
9.Ne3 Nxe3 10.Bxe3 b6 11.a3 Bd7 12.b4 cxb4 13.axb4 Rc8 14.Qd2 Bg4 15.b5 Bxf3
16.Bxf3 Nd4  1/2-1/2

[Event "Vrnjacka Banja"]
[Site "Vrnjacka Banja"]
[Date "1989.??.??"]
[Round "?"]
[White "Gulicovski, Klimentije"]
[Black "Raicevic, Vladimir"]
[Result "0-1"]
[WhiteElo "2200"]
[BlackElo "2480"]

1.Nf3 d5 2.c4 e6 3.b3 a5 4.Bb2 a4 5.cxd5 a3 6.Bc3 exd5 7.d4 Nf6 8.g3 Ne4
9.Bg2 Nc6 10.O-O Be7 11.Nfd2 Nf6 12.Nf3 O-O 13.Nbd2 Nb4 14.Ne5 c6 15.Bxb4 Bxb4
16.Rc1 Bf5 17.Nb1 Qb6 18.h3 Rfe8 19.g4 Be4 20.Nc3 Bxg2 21.Kxg2 Bxc3 22.Rxc3 Ne4
23.Rc2 Re7 24.e3 Qd8 25.f4 f6 26.Nd3 Qe8 27.Qf3 Nd6 28.Re1 Nb5 29.Ree2 Qg6
30.f5 Qh6 31.Qf4 Qxf4 32.Nxf4 Rae8 33.Kf2 Kf7 34.h4 Re4 35.Rcd2 Nc3 36.Re1 Rxf4+
37.exf4 Ne4+ 38.Ke2 Nxd2+ 39.Kxd2 Rxe1 40.Kxe1 Ke7 41.Kd2 Kd6 42.b4 Kc7 43.Kc3 Kb6
44.Kb3 h5 45.gxh5 Kb5  0-1

[Event "Vrnjacka Banja"]
[Site "Vrnjacka Banja"]
[Date "1989.??.??"]
[Round "?"]
[White "Gulicovski, Klimentije"]
[Black "Stohl, Igor"]
[Result "0-1"]
[WhiteElo "2200"]
[BlackElo "2455"]

1.Nf3 d5 2.c4 dxc4 3.Na3 c5 4.Nxc4 Nc6 5.g3 f6 6.Bg2 e5 7.O-O Nge7 8.d3 Nd5
9.a3 Be7 10.Bd2 Be6 11.Rc1 O-O 12.Ne3 Nc7 13.Rb1 a5 14.b3 Rb8 15.Qe1 b6 16.Qc1 Qd7
17.Re1 b5 18.Qc2 Rfc8 19.Rec1 Na8 20.Qd1 Nb6 21.h4 a4 22.bxa4 Nxa4 23.Kh2 Nd4
24.Ng1 c4 25.Bb4 c3 26.Bh3 Bxh3 27.Nxh3 Nb2 28.Qe1 Bxb4 29.axb4 Nxd3 30.Qd1 Qxh3+
31.Kxh3 Nxf2+ 32.Kg2 Nxd1 33.Nxd1 c2  0-1

[Event "Vrnjacka Banja"]
[Site "Vrnjacka Banja"]
[Date "1989.??.??"]
[Round "?"]
[White "Gulicovski, Klimentije"]
[Black "Vuruna, Miodrag"]
[Result "0-1"]
[WhiteElo "2200"]
[BlackElo "2310"]

1.Nf3 d5 2.c4 d4 3.d3 g6 4.g3 Bg7 5.b4 e5 6.Nbd2 Ne7 7.Bg2 O-O 8.O-O c6 9.a4 Re8
10.Nb3 Nd7 11.a5 Rb8 12.Ng5 Nf5 13.Ne4 Nf6 14.Nxf6+ Qxf6 15.Bd2 Bf8 16.Qc1 a6
17.e4 dxe3 18.fxe3 Qd8 19.Qc3 h5 20.e4 Ng7 21.Rf2 b6 22.Be3 bxa5 23.bxa5 Bb4
24.Qc2 Ne6 25.Bb6 Rxb6 26.axb6 Qxb6 27.Rf1 a5 28.Kh1 Re7 29.Qa2 Qd8 30.Rf3 c5
31.h4 Nd4 32.Nxd4 Qxd4 33.Kh2 Bg4 34.R3f2 Qxd3 35.Qc2 Qd7 36.Rf6 a4 37.Ra6 a3
38.Qc1 Qb7 39.Rd6 Qb8 40.Rff6 Be6 41.Ra6 Qc8 42.Ra4 Rd7 43.Qh6 Bd2 44.Rxg6+ fxg6
45.Qxg6+ Rg7 46.Qxh5 Bc1 47.Qxe5 Bb2 48.Qh5 Bf7 49.Qe2 Be8 50.Bh3 Qc6 51.Ra5 Qd6
52.Qf2 Bd4 53.Qe1 Qb8 54.Bg2 Qb4 55.Qxb4 cxb4 56.e5 Re7 57.e6 Kg7 58.c5 Rxe6
59.Bd5 Re2+ 60.Kh3 Bd7+ 61.g4 Re3+ 62.Kg2 Bxg4 63.c6 Rc3 64.Ra8 Kf6 65.Rb8 Ke5  0-1

[Event "Vrnjacka Banja"]
[Site "Vrnjacka Banja"]
[Date "1989.??.??"]
[Round "?"]
[White "Gulicovski, Klimentije"]
[Black "Cvetkovic, Srdjan"]
[Result "0-1"]
[WhiteElo "2200"]
[BlackElo "2460"]

1.Nf3 d5 2.c4 e6 3.b3 Nf6 4.Bb2 Be7 5.g3 O-O 6.Bg2 b6 7.O-O Bb7 8.Qc2 c5
9.Ng5 Nbd7 10.cxd5 exd5 11.e3 Rc8 12.Nc3 h6 13.Nh3 Ba6 14.Rfe1 d4 15.Ne4 Ne5
16.Nxf6+ Bxf6 17.Nf4 Bg5 18.Qf5 Bxf4 19.gxf4 Nd3 20.Reb1 Qh4 21.Ba3 Qxf2+
22.Kh1 Qxd2 23.exd4 Nf2+ 24.Kg1 Qxd4 25.h4 Bd3 26.Qe5 Qxe5 27.fxe5 Bxb1 28.Kxf2 Bf5
29.Ke3 Rfd8 30.Bf1 Rd4  0-1

[Event "Vrsac"]
[Site "Vrsac"]
[Date "1989.??.??"]
[Round "4"]
[White "Damljanovic, Branko"]
[Black "Kapelan, Milorad"]
[Result "1-0"]
[WhiteElo "2555"]
[BlackElo "2295"]

1.Nf3 d5 2.c4 e6 3.d4 Nf6 4.Nc3 Be7 5.Bg5 h6 6.Bh4 O-O 7.e3 b6 8.Qb3 Bb7
9.Bxf6 Bxf6 10.cxd5 exd5 11.Rd1 c6 12.g3 Qe7 13.Bg2 Ba6 14.Ng1 Rd8 15.Nge2 Bc4
16.Qc2 Na6 17.b3 Bxe2 18.Nxe2 Rac8 19.O-O Qd6 20.Nf4 Nc7 21.Bh3 Ne6 22.b4 Rc7
23.Nd3 Ra8 24.Qb1 Ng5 25.Bg2 Ne4 26.Qb3 Qd7 27.a4 a6 28.a5 bxa5 29.bxa5 Rb7
30.Qc2 Rb5 31.Bxe4 dxe4 32.Nc5 Qd5 33.Nxe4 Rxa5 34.Nxf6+ gxf6 35.e4 Qd7 36.d5 cxd5
37.Qd2 Ra4 38.exd5 Qd6 39.Qxh6 Rc4 40.Rd3 Rc5  1-0

[Event "Vrsac"]
[Site "Vrsac"]
[Date "1989.??.??"]
[Round "6"]
[White "Damljanovic, Branko"]
[Black "Cabrilo, Goran"]
[Result "1/2-1/2"]
[WhiteElo "2555"]
[BlackElo "2510"]

1.Nf3 d5 2.c4 c6 3.d4 Nf6 4.Nc3 e6 5.cxd5 exd5 6.Bg5 Be7 7.e3 Bf5 8.Nh4 Bg6
9.Nxg6 hxg6 10.Bd3 Nbd7 11.Qf3 Qa5 12.a3 Nf8 13.Bf4 Ne6 14.Be5 Qd8 15.Qe2 Bd6
16.f4 Bxe5 17.dxe5 Nd7 18.O-O Ndc5 19.Rad1 Nxd3 20.Rxd3 Qe7 21.Qf2 Rd8 22.b4 a5
23.Rb1 axb4 24.axb4 O-O 25.Qb2 Ra8 26.Ne2 Ra4 27.Ra3 Rfa8 28.Rba1 Rxa3  1/2-1/2

[Event "Vrsac"]
[Site "Vrsac"]
[Date "1989.??.??"]
[Round "11"]
[White "Kapelan, Milorad"]
[Black "Lalic, Bogdan"]
[Result "1/2-1/2"]
[WhiteElo "2295"]
[BlackElo "2500"]

1.Nf3 d5 2.c4 c6 3.g3 Nf6 4.Bg2 g6 5.b3 Bg7 6.Bb2 O-O 7.O-O Bg4 8.d3 Nbd7
9.Nbd2 Re8 10.Ne5 Nxe5 11.Bxe5 Qd7 12.Nf3  1/2-1/2